UM Logo

Alternative fertilizer for welsh onion (Allium Fistulosum) : (Record no. 12669)

MARC details
000 -LEADER
fixed length control field 01534nam a22001817a 4500
008 - FIXED-LENGTH DATA ELEMENTS--GENERAL INFORMATION
fixed length control field 190131b ||||| |||| 00| 0 eng d
082 ## - DEWEY DECIMAL CLASSIFICATION NUMBER
Edition number 2018
Classification number UT 1119
Item number C16
100 ## - MAIN ENTRY--PERSONAL NAME
Personal name Calvo, Princess Grace B.
9 (RLIN) 35887
245 ## - TITLE STATEMENT
Title Alternative fertilizer for welsh onion (Allium Fistulosum) :
Remainder of title an experimental study /
Statement of responsibility, etc. Princess Grace B. Calvo, Mary Rose A. Basadre, and Daisy P. Salodar
260 ## - PUBLICATION, DISTRIBUTION, ETC. (IMPRINT)
Place of publication, distribution, etc. Digos City:
Name of publisher, distributor, etc. UMDC
Date of publication, distribution, etc. November 2018.
300 ## - PHYSICAL DESCRIPTION
Extent 53 pages;
Dimensions 30 cm.
520 ## - SUMMARY, ETC.
Summary, etc. Calvo, P.G., Basadre, M.R., & Salodar, D. (November 2018). Alternative Fertilizer for Welsh Onion (Allium Fistulosum): An Experimental Study. Digos City: University of Mindanao.<br/><br/>This study aimed to identify the better fertilizer for Welsh onion (Allium Fistulosum) between goat manure and compost tea with eggshell. Using an experimental method of research design, the researchers observed and analyzed the growth of Welsh onion in terms of length, width, and appearance in a span of three weeks. Results revealed that compost tea with eggshell was better fertilizer option than goat manure. The study recommends for future studies to conduct soil analysis that will identify the nutrients present in the soil. <br/><br/>Keywords: Alternative Fertilizer, Welsh Onion, Compost Tea, Egg Shell, Goat Manure<br/> <br/><br/><br/>Locator: UT 1119/C16/2018<br/>
650 ## - SUBJECT ADDED ENTRY--TOPICAL TERM
Topical term or geographic name as entry element Education
Form subdivision Biological Science
General subdivision Undergraduate thesis.
9 (RLIN) 35888
700 ## - ADDED ENTRY--PERSONAL NAME
Personal name Calvo, Princess Grace B.
9 (RLIN) 35887
700 ## - ADDED ENTRY--PERSONAL NAME
Personal name Basadre, Mary Rose A.
9 (RLIN) 35889
700 ## - ADDED ENTRY--PERSONAL NAME
Personal name Salodar, Daisy P.
9 (RLIN) 35890
942 ## - ADDED ENTRY ELEMENTS (KOHA)
Source of classification or shelving scheme Dewey Decimal Classification
Koha item type Undergraduate Thesis
Holdings
Withdrawn status Lost status Source of classification or shelving scheme Damaged status Not for loan Collection code Home library Current library Date acquired Total Checkouts Full call number Barcode Date last seen Price effective from Koha item type
    Dewey Decimal Classification     Undergraduate Theses UM Digos College - LIC UM Digos College - LIC 01/15/2019   UT 1119 C16 2018 UT1119 01/31/2019 01/31/2019 Undergraduate Thesis